000 00427nam a22001577a 4500
005 20240110133811.0
008 190918b xxu||||| |||| 00| 0 eng d
020 _a81-256-0094-9
041 _aeng
100 _aSHARMA, DR, NIRMAL AND SHARMA, DR. YOGESHWAR
_95100
245 _aPHARMACEUTICS -I
_cDR,NIRMAL SHARMA AND DR, YOGESHWAR
260 _aDELHI
_bTARA PUBLISHERS
300 _a200 P.
650 _aPHARMACY
942 _cBK
999 _c6014
_d6012